000 00440nam a2200121Ia 4500
008 220620s9999||||xx |||||||||||||| ||und||
100 _aRieder, Bernhard
245 0 _aEngines of Order
_bA Mechanology of Algorithmic Techniques
546 _aEnglish[eng]
650 _amedia studies||information architecture||algorithms & data structures
856 _uhttps://library.oapen.org/bitstream/20.500.12657/39371/1/9789048537419.pdf
942 _cEB
999 _c29717
_d29717